000 02037nam a2200229 4500
005 20160811093114.0
008 160429s1926 ck |||fr|||| 001 0 spa d
040 _aCO-BoUCM
_bspa
_cSandra Yazo
_dSandra Yazo
041 0 _aspa
082 0 4 _220
_a346
092 _aE39N059
100 1 _aAnzola, Nicasio
_976937
_d1872-1965
245 1 0 _aCurso elemental de derecho mercantil
_cpor Nicasio Anzola
260 _aBogotá (Colombia)
_bImprenta de "La luz"
_c1926
300 _a2 volúmnes (xvi, 415 ; 424 páginas)
_c24 x 17 cm
500 _aDetalles físicos: Encuadernación rígida (holandesa) en cartón forrado en papel. Lomo en cuero con adornos en dorado. Guardas. Portada impresa en una sola tinta con una ilustración. Cenefas. Texto impreso en una sola columna con varios tamaños. Algunas notas al pie de página. Tapas con residuos de cinta pegante. Papel manchado. V.1 en guarda delantera con una anotación manuscrita
505 0 _aV.1: Concepto del derecho mercantil ; Caracteres y condiciones del derecho mercantil ; Relaciones del derecho mercantil con las demás ramas de la legislación y con la economía política ; Fuentes del derecho mercantil ; Diferencias entre el derecho mercantil y el civil ; Historia del derecho mercantil ; El derecho mercantil en la edad media ; compilaciones generales de costumbre mercantiles en esta época ; Legislación mercantil de la época contemporánea ; Legislación mercantil americana -- Código de comercio terrestre ; Comerciantes y asuntos de comercio ; Contratos y obligaciones mercantiles en general -- V.2: La sociedad ; Seguro en general y de los seguros terrestres en particular ; La cuenta corriente ; Contrato y letras de cambio ; Libranzas y vales y pagarés ; Cartas-ordenes de crédito ; Cheque ; Préstamo ; Deposito ; Contrato de prenda ; Fianza ; Prescripción ; Instrumentos negociables
506 _aConsulta en sala
650 7 _912793
_aDerecho mercantil
_zColombia
690 _aDerecho comercial
_912717
942 _2LOCAL
_cLIBRO
_e1
_hE39N059
999 _c303326
_d303326